000 nam a22 a 4500
999 _c2922
_d2922
003 AKMAL
005 20170518155210.0
008 170518s2006 my | e l 000 0 may d
020 _a9678916606 (kkt.)
040 _aAKMAL
_cAKMAL
082 0 4 _a343.595056 CUS
_222
090 0 0 _a343.595056
_bCUS
110 1 _aMalaysia
_9400
245 1 0 _aAkta Kastam 1967 (Akta 235) & Peraturan-peraturan (hingga 20hb Januari 2006)
_cdisusun oleh Lembaga Penyelidikan Undang-Undang
260 _aPetaling Jaya :
_bInternational Law Book Services,
_c2006
300 _a198ms. ;
_c24cm.
440 0 _aUNDANG-UNDANG MALAYSIA
_96125
650 1 0 _aTariff
_xLaw and legislation
_zMalaysia
_920
650 2 0 _aCustoms administration
_xLaw and legislation
_zMalaysia
_96126
710 2 _aLembaga Penyelidikan Undang-Undang
_96127
942 _2ddc
_cBOOK